Theodor Leschetizky

Titel: Theodor Leschetizky / Annette Hullah. Herausgegeben und kommentiert von Burkhard Muth
Verfasser: ;
Beteiligt: ; ;
Ausgabe: 3. rev. und vermehrte Auflage ; Bilinguale Neuausgabe/ Bilingual New Edition
Veröffentlicht: Fernwald : Musikverlag Burkhard Muth, [2020]
Umfang: 249 Seiten : Illustrationen ; 21 cm x 14.8 cm, 334 g
Format: Buch
Sprache: Englisch; Deutsch
Schriftenreihe/
mehrbändiges Werk:
Studien, Beiträge und Materialien zur Leschetizky-Forschung ; Band 1
Schlagworte:
ISBN: 9783929379501 ; 3929379503
Buchumschlag
X
alg: 46588986
001A    $00017:22-06-20 
001B    $03004:28-04-25 $t09:40:40.000 
001D    $00017:22-06-20 
001U    $0utf8 
001X    $00 
002@    $0Aau 
002C    $aText $btxt $2rdacontent 
002D    $aohne Hilfsmittel zu benutzen $bn $2rdamedia 
002E    $aBand $bnc $2rdacarrier 
003@    $0465889867 
003O    $01159222216 $aOCoLC 
004A    $A978-3-929379-50-1 $f: EUR 28.00 
004A    $03-929379-50-3 
004K    $09783929379501 
006G    $01212125193 
006T    $020,N26 
006U    $020,A41 $f20200617 
007A    $01212125193 $aDNB 
009P    $qapplication/pdf $A2 $3Inhaltsverzeichnis $uhttp://scans.hebis.de/HEBCGI/show.pl?46588986_toc.pdf $mV:DE-603;B:DE-17 
010@    $aeng $ager 
011@    $a2020 $n[2020] 
011F    $n© 2020 
021A    $aTheodor Leschetizky $hAnnette Hullah. Herausgegeben und kommentiert von Burkhard Muth 
028A    $BVerfasser $4aut $7144007916 $8Hullah, Annette [Tp3] $9235134937 
028C    $BVerfasser eines Geleitwortes $4aui $7135197198 $8Muth, Burkhard$Z1953- [Tp3] $9201110911 
028C    $BVerfasser $4aut $7135197198 $8Muth, Burkhard$Z1953- [Tp3] $9201110911 
028C    $BHerausgeber $4edt $7135197198 $8Muth, Burkhard$Z1953- [Tp3] $9201110911 
028C    $BÜbersetzer $4trl $7135197198 $8Muth, Burkhard$Z1953- [Tp3] $9201110911 
032@    $a3. rev. und vermehrte Auflage ; Bilinguale Neuausgabe/ Bilingual New Edition 
033A    $pFernwald $nMusikverlag Burkhard Muth 
034D    $a249 Seiten 
034I    $a21 cm x 14.8 cm, 334 g 
034M    $aIllustrationen 
036E    $aStudien, Beiträge und Materialien zur Leschetizky-Forschung $lBand 1 
044K    $qDNB $REssipoff, Annette $#Leschetizky, Théodore $#Leschetizky, Th. $#Leschetitzky, Théodore $#Leszetycki, Teodor $#Leschetitzky, Theodor $#Leszetzcki, Theodor $#Leszetzki, Theodor $7120890143 $8Leschetizky, Theodor$Z1830-1915 [Tp1] $9088000273 
045E    $c780 
045F    $a780.9438609034 $eDDC23BSB 
045F/01 $a780.9 
045F/03 $f09034 
045F/03 $f09041 
045F/03 $g4386 
045F/03 $g438 
045F/03 $g436 
046X    $aArchivierung/Langzeitarchivierung gewährleistet $5DE-17 $fPEHE 

lok: 46588986 8

exp: 46588986 8 1 #EPN
201B/01 $022-06-20 $t10:30:35.000 
201C/01 $022-06-20 
201U/01 $0utf8 
203@/01 $01113216328 
208@/01 $a22-06-20 $bz 
209A/01 $a/LR 11750 H913 (3) $ds $f000 $x00 
209B/01 $a06 $x05 
209G/01 $a20483709 $x00 
209G/01 $a1. Obergeschoss $x01 
247C/01 $8611000-9 <17>Darmstadt, TU Darmstadt, Universitäts- und Landesbibliothek - Stadtmitte $9102595879 

lok: 46588986 24

exp: 46588986 24 1 #EPN
201B/01 $028-04-25 $t09:43:18.000 
201C/01 $014-04-25 
201U/01 $0utf8 
203@/01 $01300247606 
208@/01 $a28-04-25 $bz 
209A/01 $aMus 5723 $du $f050 $hMus 5723 $x00 
209C/01 $a25.02191 K $h25 02191 K 
209G/01 $a74141196 $x00 
220C/01 $asbl 
247C/01 $8358050-7 Marburg, Bibliothek des Herder-Instituts Marburg $9102600961 

lok: 46588986 78

exp: 46588986 78 1 #EPN
201B/01 $012-02-24 $t09:21:35.000 
201C/01 $012-02-24 
201U/01 $0utf8 
203@/01 $01256338648 
208@/01 $a12-02-24 $be 
209A/01 $a/ $f000 $x00 
209A/01 $ab*p $x01 
220C/01 $apgar 
247C/01 $82080>Marburg/Lahn, Herder-Institut, Forschungsbibliothek, Bibliographieportal $9336309341
LEADER 00000cam a2200000 c 4500
001 465889867
003 DE-603
005 20250428094040.0
007 tu
008 200622s2020 xx |||| | u00||u|eng
015 |a 20,A41  |z 20,N26  |2 dnb 
016 7 |2 DE-101  |a 1212125193 
020 |a 9783929379501  |c : EUR 28.00 
020 |a 3929379503 
024 3 |a 9783929379501 
035 |a (DE-599)DNB1212125193 
035 |a (OCoLC)1159222216 
040 |a DE-603  |b ger  |c DE-603  |d DE-603 
041 |a eng  |a ger 
082 0 4 |8 1\u  |a 780.9438609034  |q DE-101  |2 23/BSB 
084 |a 780  |q DE-101  |2 sdnb 
085 |8 1\u  |b 780.9 
085 |8 1\u  |z 1  |s 09034 
085 |8 1\u  |z 1  |s 09041 
085 |8 1\u  |z 2  |s 4386 
085 |8 1\u  |z 2  |s 438 
085 |8 1\u  |z 2  |s 436 
100 1 |a Hullah, Annette  |e Verfasser  |4 aut  |0 (DE-603)235134937  |0 (DE-588)144007916  |2 gnd 
245 0 0 |a Theodor Leschetizky  |c Annette Hullah. Herausgegeben und kommentiert von Burkhard Muth 
250 |a 3. rev. und vermehrte Auflage ; Bilinguale Neuausgabe/ Bilingual New Edition 
264 1 |a Fernwald  |b Musikverlag Burkhard Muth  |c [2020] 
264 4 |c © 2020 
300 |a 249 Seiten  |b Illustrationen  |c 21 cm x 14.8 cm, 334 g 
336 |a Text  |b txt  |2 rdacontent 
337 |a ohne Hilfsmittel zu benutzen  |b n  |2 rdamedia 
338 |a Band  |b nc  |2 rdacarrier 
490 0 |a Studien, Beiträge und Materialien zur Leschetizky-Forschung  |v Band 1 
600 1 7 |a Leschetizky, Theodor  |d 1830-1915  |0 (DE-588)120890143  |0 (DE-603)088000273  |2 gnd 
700 1 |a Muth, Burkhard  |d 1953-  |e Verfasser eines Geleitwortes  |4 aui  |0 (DE-603)201110911  |0 (DE-588)135197198  |2 gnd 
700 1 |a Muth, Burkhard  |d 1953-  |e Verfasser  |4 aut  |0 (DE-603)201110911  |0 (DE-588)135197198  |2 gnd 
700 1 |a Muth, Burkhard  |d 1953-  |e Herausgeber  |4 edt  |0 (DE-603)201110911  |0 (DE-588)135197198  |2 gnd 
700 1 |a Muth, Burkhard  |d 1953-  |e Übersetzer  |4 trl  |0 (DE-603)201110911  |0 (DE-588)135197198  |2 gnd 
856 4 2 |m V:DE-603;B:DE-17  |q application/pdf  |u http://scans.hebis.de/HEBCGI/show.pl?46588986_toc.pdf  |3 Inhaltsverzeichnis 
924 0 |9 17  |a (DE-603)1113216328  |b DE-17  |c HES  |d b  |g /LR 11750 H913 (3)  |h 1. Obergeschoss 
924 0 |9 Mb 50  |a (DE-603)1300247606  |b DE-Mb50  |c HES  |d c  |g Mus 5723 
924 0 |9 2080  |a (DE-603)1256338648  |b DE-2080  |c HES  |d d  |g /